000 00546nam a2200229Ia 4500
003 OSt
005 20220924135519.0
006 a|||||r|||| 00| 0
007 ta
008 220923b |||||||| |||| 00| 0 ben d
024 _a291479
037 _cTextual
040 _aARTS
_cARTS
_bben
041 _2ben
_aben
082 _aO157:vM4, H0.1
100 _aSen
245 0 _aBangla sahiter itihas
260 _c1940
650 _aBENGALI LITERATURE
942 _hO157:vM4, H0.1
_cTEXL
_2CC
999 _c440947
_d440947